000 02422cam a22004695i 4500
001 21738529
005 20230123112458.0
007 cr |||||||||||
008 131001s2013 gw |||| o |||| 0|eng
010 _a 2019756166
020 _a9783642416477
035 _a(DE-He213)978-3-642-41647-7
072 7 _aCOM079000
_2bisacsh
072 7 _aUBJ
_2bicssc
072 7 _aUBJ
_2thema
082 0 4 _a004
_223
245 0 0 _aActivities of Transport Telematics :
_b13th International Conference on Transport Systems Telematics, TST 2013, Katowice-Ustron, Poland, October 23--26, 2013. Proceedings /
_cedited by Jerzy Mikulski.
250 _a1st ed. 2013.
264 1 _aBerlin, Heidelberg :
_bSpringer Berlin Heidelberg :
_bImprint: Springer,
_c2013.
300 _a1 online resource (XVI, 488 pages 239 illustrations)
336 _atext
_btxt
_2rdacontent
337 _acomputer
_bc
_2rdamedia
338 _aonline resource
_bcr
_2rdacarrier
347 _atext file
_bPDF
_2rda
520 _aThis book constitutes the proceedings of the 13th International Conference on Transport Systems Telematics, TST 2013, held in Katowice-Ustron, Poland, in October 2013. The 58 papers included in this volume were carefully reviewed and selected for inclusion in this book. They provide an overview of solutions being developed in the field of intelligent transportation systems, and include theoretical and case studies in the countries of conference participants.
588 _aDescription based on publisher-supplied MARC data.
650 0 _aApplication software.
_9106531
650 0 _aArtificial intelligence.
_9106532
650 0 _aComputer simulation.
_9106533
650 0 _aComputers and civilization.
_9106534
650 1 4 _aComputers and Society.
_9106535
650 2 4 _aArtificial Intelligence.
_9106536
650 2 4 _aComputer Applications.
_9106537
650 2 4 _aInformation Systems Applications (incl. Internet).
_9106538
650 2 4 _aSimulation and Modeling.
_9106539
700 1 _aMikulski, Jerzy.
_9106540
776 0 8 _iPrint version:
_tActivities of transport telematics : 13th International Conference on Transport Systems Telematics, TST 2013, Katowice-Ustron, Poland, October 23-26, 2013. Proceedings
_z9783642416460
_w(DLC) 2013951047
776 0 8 _iPrinted edition:
_z9783642416460
776 0 8 _iPrinted edition:
_z9783642416484
906 _a0
_bibc
_corigres
_du
_encip
_f20
_gy-gencatlg
942 _cBK
999 _c84118
_d84118